00458nam a22001577a 4500003000400000005001700004008004100021020001800062050002400080100002100104245006800125260006500193300002900258521000700287562000600294OSt20140310182759.0130212t xxu||||| |||| 00| 0 eng d a9789710847686 aQA 76.5b.L319 1986 aLa Putt, Juny P. aTitle Introduction to computer concepts /cJuny Pilapil La Putt aBaguio City ;bBaguio Research and Publishing Center,c1984. a306 p. :bill. ;c22 cm. aIT e1